Politics in Ghana (1982-1992): Rawlings, Revolution and Populist Democracy (Record no. 192)

MARC details
000 -LEADER
fixed length control field 00493nam a2200169Ia 4500
008 - FIXED-LENGTH DATA ELEMENTS--GENERAL INFORMATION
fixed length control field 240428s9999||||xx |||||||||||||| ||und||
020 ## - INTERNATIONAL STANDARD BOOK NUMBER
International Standard Book Number 9988786816
041 ## - LANGUAGE CODE
Language code of text/sound track or separate title eng
082 ## - DEWEY DECIMAL CLASSIFICATION NUMBER
Classification number 320.9O
100 ## - MAIN ENTRY--PERSONAL NAME
Personal name Oquaye, Mike
245 #0 - TITLE STATEMENT
Title Politics in Ghana (1982-1992): Rawlings, Revolution and Populist Democracy
260 ## - PUBLICATION, DISTRIBUTION, ETC.
Name of publisher, distributor, etc. Tornado Pub
Place of publication, distribution, etc. Accra
Date of publication, distribution, etc. 2004
300 ## - PHYSICAL DESCRIPTION
Extent xii, 626p;
650 ## - SUBJECT ADDED ENTRY--TOPICAL TERM
Topical term or geographic name entry element Revolution- Ghana - Politics- Ghana (1982-1992) - Populist Democracy- Ghana
942 ## - ADDED ENTRY ELEMENTS (KOHA)
Koha item type Books
Holdings
Withdrawn status Lost status Damaged status Not for loan Home library Current library Shelving location Date acquired Total checkouts Full call number Date last seen Copy number Price effective from Koha item type
        Main Library Main Library Open Shelves 12/08/2021   320.9O 2281 C1 - 320.9O 2282 C2 29/04/2024 1 29/04/2024 Books
©2026  Parliament of Ghana Library - All rights reserved